El botánico Profesor Dr. Carl Skottsberg y su gran obra científica para Chile y el Pacífico Austral
Uloženo v:
| Hlavní autor: | |
|---|---|
| Médium: | Kniha |
| Jazyk: | španělština |
| Vydáno: |
Santiago
Universidad Católica de Chile
1966
|
| Vydání: | 1a. ed |
| Témata: | |
| Tagy: |
Přidat tag
Žádné tagy, Buďte první, kdo vytvoří štítek k tomuto záznamu!
|
MARC
| LEADER | 00000nam a2200000 a 4500 | ||
|---|---|---|---|
| 001 | UCJ4610 | ||
| 003 | CL-VaPUC | ||
| 008 | 070124e19660000CL |||||||||||||||||spa|d | ||
| 082 | 0 | 4 | |a 918.3 |b LOO |2 21 |
| 100 | |a Looser, Gualterio |e autor |9 509356 | ||
| 245 | 1 | 3 | |a El botánico Profesor Dr. Carl Skottsberg y su gran obra científica para Chile y el Pacífico Austral |
| 250 | |a 1a. ed | ||
| 300 | |a pág. irreg | ||
| 942 | |c BK | ||
| 945 | |d 20070124 00:00:00 |a rinostro | ||
| 260 | |a Santiago |b Universidad Católica de Chile |c 1966 | ||
| 500 | |a Empastado con otras monografías y folletos en un volumen rotulado Folletos Varios, 13; 918.3 LOO | ||
| 600 | 0 | 7 | |a SKOTTSBERG, CARL |2 CL-VaPUC |9 508644 |
| 650 | 7 | |a BIOGRAFIA |2 CL-VaPUC |9 504622 | |
| 650 | 0 | |a Científicos |9 262025 | |
| 650 | 0 | |a Botánicos |9 508645 | |
| 650 | 7 | |a BIBLIOGRAFIA |2 CL-VaPUC |9 256175 | |
| 583 | |a last modification |c 20070124 00:00:00 |k Rodrigo Vera | ||
| 999 | |c 320726 |d 320724 | ||
| 952 | |0 0 |1 0 |4 0 |6 918_300000000000000_LOO_1966 |7 0 |8 ? |9 399309 |a FDOBUD |b FDOBUD |d 2019-11-22 |i 1022563 |o 918.3 LOO 1966 |p 1022563 |r 2019-11-22 |w 2019-11-22 |y BK |k BUD | ||